000 01046nam a2200337 a 4500
001 000044470
003 DO-SdBPM
005 20250117113008.0
007 000044470
008 140702s2002 dr a 000 0 spa d
020 _z9993455164
040 _aDO-SdBPM
_bspa
_cBPMSU
082 4 _aRD863.44
_bM671c
_2 22
092 _a
_b
100 1 _aMir, Pedro,
_d1913-2000.
245 1 3 _aEl caballito de los siete colores /
_cPedro Mir ; ilustraciones Ohanda Coste Abreu.
260 _aSanto Domingo :
_bEDUCARTE,
_c200-?]
300 _a32 p. :
_bil. ;
_c28 cm.
490 0 _aInfantil Educarte,
_v2
590 _aInventariado, 2025/VM
650 4 _aCuentos infantiles dominicanos
700 1 _aCoste Abreu, Ohanda
_eilustraciones
710 2 _aFundación para la Educación y el Arte (EDUCARTE)
910 _aVMateo V. Control de calidad. BPMSU
930 1 _l
_m
_8
_f
_p
_g
930 1 _l
_m
_8
_f
_p
_g
_h
942 _2ddc
_cBK
956 _a
_b
_c
_l
_h
956 _a
_b
_c
_l
_h
956 _aVMATEO
_b10
_c20140702
_lBPMSU
_h0069
999 _c7276
_d7276